| 000 | 00734cam a22002292 4500 | ||
|---|---|---|---|
| 001 | 0000024227 | ||
| 005 | 20151217152258.0 | ||
| 008 | 130620s xx 000 0 eng d | ||
| 020 | _a013608883x : | ||
| 040 |
_aKABU _cKABU |
||
| 100 | 1 |
_aKubasek, Nancy K. _@0000153367 |
|
| 245 | 1 | 0 |
_aEnvironmental law / _cNancy K. Kubasek, Gary S. Silverman. |
| 250 | _a7th ed. | ||
| 260 |
_aBoston : _bPrentice Hall, _c2011. |
||
| 300 | _axviii, 457 p. | ||
| 650 | 0 |
_aEnvironmental law _zUnited States. _@0000153383 |
|
| 650 | 0 |
_aEnvironmental protection _zUnited States. _@0000184213 |
|
| 700 | 1 |
_aSilverman, Gary S. _@0000170296 |
|
| 852 | 1 | _9p7931.48 KES | |
| 908 | _a130620 | ||
| 950 | _@1 | ||
| 999 |
_c10194 _d10194 |
||